| 000 | 00405nam a22001697a 4500 | ||
|---|---|---|---|
| 005 | 20180707140951.0 | ||
| 008 | 160620b xxu||||| |||| 00| 0 eng d | ||
| 020 | _a978-81-7194-612-9 | ||
| 041 | _aeng | ||
| 082 |
_b8490 _a658.15 |
||
| 100 |
_aThakur, Mukesh Kumar _92314 |
||
| 245 | _aGuide to financial instruments | ||
| 260 |
_bPHI _c2008 |
||
| 300 | _a270 | ||
| 650 |
_aManagement _9241 |
||
| 942 | _cBK | ||
| 999 |
_c3253 _d3252 |
||